| 000 | 00372nam a2200133Ia 4500 | ||
|---|---|---|---|
| 005 | 20260328104249.0 | ||
| 008 | 260328s9999||||xx |||||||||||||| ||und|| | ||
| 100 | _aDeckler, Thorsten | ||
| 245 | 0 |
_aContemporary South African Architecture in a Landscape of transition / _cThorsten Deckler |
|
| 260 | _bDouble Storey | ||
| 300 | _a209 p. | ||
| 650 | _aAFRICA | ||
| 942 | _cBK | ||
| 999 |
_c10182 _d10182 |
||